| 000 | 03910nab a22008177 4500 | ||
|---|---|---|---|
| 003 | AR-RoUNA | ||
| 022 | _a0327-9022 | ||
| 040 |
_aAR-RoUNA _bspa |
||
| 041 | _aspa | ||
| 044 | _aag | ||
| 245 |
_aSumma+ / _bVivienda Colectiva - Apilamientos - Filtros - Apaisados |
||
| 260 |
_aBuenos Aires (Argentina): _cDonn SA, _b1993. |
||
| 300 |
_a128 p. : _bil. byn. _bplanos _c34X25 cm. |
||
| 505 | 0 | _tINDICE | |
| 505 | 0 | _tAPILAMIENTOS, Fernando Diez. p. 1 | |
| 505 | 0 | _tCARTELERIA | |
| 505 | 0 | _tPILAS URBANAS, Martín Di Peco. p. 8 | |
| 505 | 0 | _tDESARMARSE EN ALTURA | |
| 505 | 0 | _aHerzog & De Meuron / 56 Leonard Street, Nueva York, Estados Unidos, 2017. p. 10 | |
| 505 | 0 | _tAPROVECHANDO LA LADERA | |
| 505 | 0 | _aIsay Weinfeld / Edificio Oka, San Pablo, Brasil, 2014.p. 20 | |
| 505 | 0 | _tHACIA LOS DOS FRENTES | |
| 505 | 0 | _aPablo Gagliardo / Pueyrredón 1101, Rosario, Argentina, 2017. p 28 | |
| 505 | 0 | _tCAJAS VOLADORAS | |
| 505 | 0 | _aTristán Dieguez, Axel Fridman / Edificio Dorrego 1711, CABA, Argentina, 2015. p. 36 | |
| 505 | 0 | _tJUNTOS A LA PAR, Valeria Matayoshi. p. 42 | |
| 505 | 0 | _tAPERTURA Y PRIVACIDAD | |
| 505 | 0 | _aFernanda Canales / Vivienda Portales, Ciudad de México, 2015. p. 44 | |
| 505 | 0 | _tESPACIO Y ESTRUCTURA | |
| 505 | 0 | _aDellekamp Arqs. / Derek Dellekamp & Jachen Schleich, Bulgaria 533, Letrán Valle, Ciudad de México, México, 2017. p. 48 | |
| 505 | 0 | _tATERRAZADOS | |
| 505 | 0 | _aSML Arqs. - Mathias Klotz / Edificio Seis, El Quisco 3160, Las Condes, Santiago de Chile, Chile. p 52 | |
| 505 | 0 | _tCIUDAD JARDÍN HORIZONTAL | |
| 505 | 0 | _aMariani - Pérez Maraviglia - Cañadas / Edificio Malecón Hue, Alsina 3202, Mar del Plata, Argentina, 2017. p. 56 | |
| 505 | 0 | _tGRILLA HORIZONTAL | |
| 505 | 0 | _aSebastían CSEH & ARQ. Juan Cruz Catania / Enrique Martínez 1467, Belgrano, CABA, Argentina, 2017. p. 62 | |
| 505 | 0 | _tDESDE CERCA NO SE VE, Magdalena Tagliabue. p. 68 | |
| 505 | 0 | _tMOSTRAR LA CHAPA | |
| 505 | 0 | _aEstudio Daya / Casa Central, CABA, Argentina, 2017. p. 70 | |
| 505 | 0 | _tFILTRAR EL ANONIMATO | |
| 505 | 0 | _aCubero Rubio / JN 2678, CABA, Argentina, 2016. p. 76 | |
| 505 | 0 | _tTAMIZADO IN SITU | |
| 505 | 0 | _aArqtipo + Scanw / GU 2787, CABA, Argentina, 2017. p. 80 | |
| 505 | 0 | _tPIEL MORENA | |
| 505 | 0 | _tÇA Arquitectura / Edificio EVV, Moreno, Buenos Aires, Argentina, 2016. p. 84 | |
| 505 | 0 | _tEXTERIORES ALTERNATIVOS | |
| 505 | 0 | _aMSGSSS / Procrear - Estación Buenos Aires - Sector 10, Barracas, CABA, Argentina, 2017. p. 90 | |
| 505 | 0 | _tLA CONTINUIDAD DE LAS IDEAS, Gustavo Alonso Serafin. p. 96 | |
| 505 | 0 | _tTIPO, PROGRAMA Y EXPRESIÓN EN LA UNITÉ D´HABITATION DE LE CORBUSIER | |
| 505 | 0 | _aJulián Varas / Pasos hacia una socioplástica. p. 100 | |
| 505 | 0 | _tRECORRIDOS POÉTICOS POR CASAS MODERNAS, Ruth Verde Zein. p. 110 | |
| 505 | 0 | _tARQUITECTURA PUERTAS ABIERTAS | |
| 505 | 0 | _a¨OPEN HOUSE BUENOS AIRES¨ | |
| 505 | 0 | _tEL CULTO A DOS MODERNOS MAESTROS | |
| 505 | 0 | _aJulio Valentino / Retrospectiva de Álvarez y Testa en el Marq. p. 120 | |
| 505 | 0 | _tBUDAPEST EN EL PAPEL, Ignacio Ros de Olano. p. 122 | |
| 505 | 0 | _tRETROVANGUARDISMO Y DISEÑO | |
| 505 | 0 | _aRoberto Fernández / La vía anti-industrial italiana. p. 123 | |
| 505 | 0 | _tELOGIO A LO ORDINARIO | |
| 505 | 0 | _tLAS GARRAS DE LA ESFINGE, Los cuatro de Egipto: Horacio Caride Bartrons, David Dal, Castello, Rita Molinos y Mario Sabugo. p. 125 | |
| 505 | 0 | _tSELLADO ARGENTINO | |
| 505 | 0 | _tPREMIAR LA SUSTENTABILIDAD Y SOLIDARIDAD NACIONAL | |
| 505 | 0 | _tTRANFORMACIÓN Y COMUNIDAD | |
| 505 | 0 | _tAlgunas ideas para el futuro de la FADU, Guillermo Cabrera. p. 128 | |
| 650 | _2Arquitectura conteporánea | ||
| 773 | 0 |
_aSumma+ _dBuenos Aires, Argentina _gNº162 (feb; 2018), p. 128 _x0327-9022 |
|
| 908 | _aImp | ||
| 942 |
_2udc _cART |
||
| 945 | _d2022-07-08 | ||
| 980 |
_6138 _aCarolina Rainero _8138 _gCarolina Rainero |
||
| 999 |
_c12320 _d12320 |
||